Normal view
MARC view
- MANAGEMENT INFORMATION SYSTEMS BUSINESS - DATA PROCESSING DECISION MAKING MIS
Entry Topical Term
001 - CONTROL NUMBER
- control field: 77681
003 - CONTROL NUMBER IDENTIFIER
- control field: NUST
005 - DATE AND TIME OF LATEST TRANSACTION
- control field: 20210628205947.0
008 - FIXED-LENGTH DATA ELEMENTS
- fixed length control field: 210628|| aca||aabn | a|a d
040 ## - CATALOGING SOURCE
- Original cataloging agency: NUST
- Transcribing agency: NUST
150 ## - HEADING--TOPICAL TERM
- Topical term or geographic name entry element: MANAGEMENT INFORMATION SYSTEMS BUSINESS - DATA PROCESSING DECISION MAKING MIS
670 ## - SOURCE DATA FOUND
- Source citation: Work cat.: (NUST): Boar, Bernard.H 63148, Application protoyping a requirements definition strategy for the 80s, 1984
